| 000 | 00523cam a2200145 4500 | ||
|---|---|---|---|
| 082 |
_a910 _bCEC |
||
| 100 | 1 |
_aCecil, Evelyn, _950478 |
|
| 245 | 0 | 0 |
_aNotes on my journey round the world; _cby Evelyn Cecil, B.A. With fifteen full-page illustrations. |
| 260 |
_aLondon, _aNew York, _bLongmans, Green, and co., _c1889. |
||
| 300 |
_avi, [2], 207 p. _b1 illus., 15 pl. (incl. front.) _c23 cm. |
||
| 526 |
_a0 _b0 _c0 _d910_000000000000000_CEC |
||
| 650 | 0 |
_aMCE _9379 |
|
| 650 | 0 |
_aVoyages around the world. _949753 |
|
| 942 |
_2ddc _cBK |
||
| 999 |
_c553217 _d553217 |
||